Random Flags Quiz - Statistics

General Stats
  • This quiz has been taken 34 times
  • The average score is 7 of 16
Answer Stats
Picture Answer % Correct
United States
100%
Pakistan
96%
Turkey
89%
Olympics
81%
Palestine
70%
United Nations
67%
NATO
63%
ISIS
33%
Alabama
30%
Cabo Verde
30%
Christian
22%
Tokyo
22%
Pansexual
19%
Black Lives Matter
15%
Roman Empire
7%
Delhi Sultanate
4%
No matching quizzes found
Score Distribution
Percent of People with Each Score
Percentile by Number Answered
Your Score History
You have not taken this quiz